Panśtwa kończące się na ,,lia'' - Statystyki

Ogólne statystyki
  • Ten quiz został rozwiązany 103 razy
  • Średni wynik to 4 z 5
Statystyki odpowiedzi
Hint Odpowiedź % Poprawnych
Ameryka Południowa Brazylia
92%
Oceania Australia
83%
Europa Portugalia
76%
Afryka Somalia
75%
Azja Mongolia
73%
Nie znaleziono quizów pasujących do podanych kryteriów
Rozkład punktacji
Procent ludzi z każdym wynikiem
Percentyl według liczby udzielonych odpowiedzi
Twoja historia wyników
Nie rozwiązałeś tego quizu